000 01051cam a2200145 4500500
005 20260322000502.0
041 _afre
042 _adc
100 1 0 _aMcKee, Robert
_eauthor
700 1 0 _aEl-Wakil, Bassim
_eauthor
245 0 0 _aL'art de l'action pour l'écran et la scène
260 _bArmand Colin,
_c2024.
520 _aACTION explore les façons dont un écrivain d’aujourd’hui peut réussir à construire une intrigue qui non seulement se démarque, mais gagne la guerre contre les clichés. En collaboration avec Bassim El-Wakil, ancien coanimateur de The Story Toolkit, le légendaire conférencier Robert McKee guide les auteurs vers une originalité primée en déconstruisant le genre de l’action, en éclairant les défis et, plus important encore, en démontrant comment maîtriser les exigences de l’intrigue grâce à des moments surprenants d’innovation et d’ingéniosité.
856 4 1 _uhttps://shs.cairn.info/story-l-art-de-l-action-pour-l-ecran-et-la-scene--9782200638184?lang=fr&redirect-ssocas=7080
999 _c1706645
_d1706645